000
00292nam a22001337a 4500
008
181019b xxu||||| |||| 00| 0 eng d
020
_a
9780801678981
041
_a
eng
080
_2
7 ED
_a
610
100
_a
3
101
_a
SHM
245
_a
Community Health
_c
Ottoson/G
942
_2
udc
_c
BK
999
_c
50205
_d
50205